[Event "only 10 leisure players under 2000 second part"]
[Site "SchemingMind.com"]
[Date "2019.05.04"]
[Round "-"]
[White "Omahony"]
[Black "Mihir Chandrashekhar"]
[Result "0-1"]
[WhiteCountry "ENG"]
[BlackCountry "IND"]
[WhiteElo "1735"]
[WhiteRD "70"]
[BlackElo "1934"]
[BlackRD "50"]
[GameID "440752"]

1. d4 Nf6 2. e3 g6 3. Be2 Bg7 4. f4 b6 5. Nf3 Bb7 6. c4 d5 7. Nc3 O-O 8. O-O Nbd7 9. Bd2 c5 10. Rc1 cxd4
11. exd4 dxc4 12. Bxc4 Rc8 13. b3 e6 14. Qe2 Nb8 15. h3 Nc6 16. Be3 Nd5 17. Nxd5 exd5 18. Bb5 Qe7 19. Rc2 Nb8 20. Rfc1 Rxc2
21. Rxc2 a6 22. Bd3 Re8 23. Bf2 Qxe2 24. Bxe2 Rc8 25. Bd3 Rxc2 26. Bxc2 Nd7 27. Ne5 Nf6 28. Kf1 Kf8 29. g4 Ke7 30. Ke2 Ne4
31. Be1 f6 32. Nf3 Ke6 33. Kd3 Bf8 34. Bd1 Ba3 35. Bh4 Bc1 36. g5 Bxf4 37. gxf6 g5 38. Be1 Kxf6 39. Be2 a5 40. Kc2 Bc8
41. Bf1 Bf5 42. Kb2 h5 43. a4 g4 44. hxg4 hxg4 45. Nh4 Bd7 46. Ng2 Bg5 47. Ka3 Kf5 48. b4 Bc1+ 49. Kb3 Bd2 50. Bd3 Bxe1
51. Nxe1 Kf4 52. bxa5 bxa5 53. Bb5 Be6 54. Kc2 Ke3
0-1